The Palace of the Soviets : The Paradigm of Architecture in the USSR /

Salvato in:
Dettagli Bibliografici
Autori principali: Lizon, Peter (Autore), Soltan, Jerzy (Autore)
Altri autori: Shvidkovsky, Oleg
Natura: Libro
Lingua:inglese
Pubblicazione: Colorado Springs, Three Continents Press : 1989
Edizione:1. vydanie
Soggetti:
Tags: Aggiungi Tag
Nessun Tag, puoi essere il primo ad aggiungerne!!

MARC

LEADER 00000nam a22000003a 4500
001 0065114
003 SK-STU
005 20190328110609.0
007 ta
008 180518s ----xo-----e------000-0-----d
020 |a 0-89410-004-1 
040 |a STU  |b slo 
041 0 |a eng 
044 |a xxu 
100 1 |a Lizon, Peter  |4 aut 
245 1 0 |a The Palace of the Soviets :  |b The Paradigm of Architecture in the USSR /  |c aut. Peter Lizon 
250 |a 1. vydanie 
260 |b Three Continents Press :  |a Colorado Springs,  |c 1989 
300 |a 244 s. 
650 0 7 |a architektúra sovietska 
650 0 7 |a konštruktivizmus 
650 0 7 |a eklekticizmus 
650 0 7 |a socialistický realizmus 
650 0 7 |a architektonický návrh 
700 1 |a Soltan, Jerzy  |4 aut 
700 1 |a Shvidkovsky, Oleg 
996 |b 284AU07459  |c A* 10708/U  |l AAKNAR  |s A  |a 24  |w 0065114_0001